Energy the fuel of life
Zapisane w:
| 1. autor: | |
|---|---|
| Format: | Książka |
| Język: | Undetermined |
| Wydane: |
New York
Bantam Books
1979
|
| Hasła przedmiotowe: | |
| Etykiety: |
Dodaj etykietę
Nie ma etykietki, Dołącz pierwszą etykiete!
|
| Thư viện lưu trữ: | Trung tâm Học liệu Trường Đại học Cần Thơ |
|---|
| LEADER | 00463nam a2200181Ia 4500 | ||
|---|---|---|---|
| 001 | CTU_81568 | ||
| 008 | 210402s9999 xx 000 0 und d | ||
| 082 | |a 333.79 | ||
| 082 | |b G447 | ||
| 100 | |a Gibney, Frank | ||
| 245 | 0 | |a Energy the fuel of life | |
| 245 | 0 | |c Frank Gibney | |
| 260 | |a New York | ||
| 260 | |b Bantam Books | ||
| 260 | |c 1979 | ||
| 650 | |a Power resource | ||
| 904 | |i Trọng Hải | ||
| 980 | |a Trung tâm Học liệu Trường Đại học Cần Thơ | ||